Pédologie appliquée / (Record no. 12459)
[ view plain ]
| 000 -LEADER | |
|---|---|
| fixed length control field | 00427nam a2200169 a 4500 |
| 020 ## - INTERNATIONAL STANDARD BOOK NUMBER | |
| ISBN | 2225643504 |
| 040 ## - CATALOGING SOURCE | |
| Transcribing agency | DLC |
| 082 ## - DEWEY DECIMAL CLASSIFICATION NUMBER | |
| Classification number | 631 MAS 1979 A042 Co. |
| 100 1# - MAIN ENTRY--AUTHOR NAME | |
| Personal name | Boulaine, Jean. |
| 245 10 - TITLE STATEMENT | |
| Title | Pédologie appliquée / |
| 260 ## - PUBLICATION, DISTRIBUTION, ETC. (IMPRINT) | |
| Place of publication | Paris ; |
| -- | New York : |
| Name of publisher | Masson, |
| Year of publication | 1980, c1979. |
| 300 ## - PHYSICAL DESCRIPTION | |
| Number of Pages | xv, 220 p. : |
| Other physical details | ill. ; |
| Dimensions | 24 cm. |
| 500 ## - GENERAL NOTE | |
| General note | Includes index. |
| 650 #0 - SUBJECT ADDED ENTRY--TOPICAL TERM | |
| Topical Term | Soil science. |
| 650 #0 - SUBJECT ADDED ENTRY--TOPICAL TERM | |
| Topical Term | Soil mapping. |
| 942 ## - ADDED ENTRY ELEMENTS (KOHA) | |
| Koha item type | សៀវភៅភាសាបារាំង |
| 952 ## - LOCATION AND ITEM INFORMATION (KOHA) | |
| Withdrawn status [LOCAL, KOHA] | 0 |
| 952 ## - LOCATION AND ITEM INFORMATION (KOHA) | |
| Withdrawn status [LOCAL, KOHA] | 0 |
| Permanent Location | Date acquired | Koha item type | Lost status | Shelving location | Barcode | Current Location | Full call number |
|---|---|---|---|---|---|---|---|
| Library Block A | 2017-08-14 | សៀវភៅភាសាបារាំង | A042 | A18554 | Library Block A | 631 MAS 1979 A042 Co. | |
| Library Block A | 2017-08-14 | សៀវភៅភាសាបារាំង | A054 | A07103 | Library Block A | 631 MAS 1979 A054 Or. |